Score 0/61 Timer 06:00
5 Plays Today
% Correct
Gump
94.6%
Clyde
94.2%
Schindler
93.9%
Hunting
93.9%
Frank
93.2%
Jekyll
92.9%
Kramer
92.6%
Daisy
92.2%
Lawrence
91.7%
Django
91.3%
Brockovich
91.2%
Maguire
90%
Virginia
89.7%
Wanda
89.1%
Sophie
88.1%
Shakespeare
87.5%
Luke
87.4%
Rosemary
86.8%
Hall
86.4%
Vinny
86.2%
Poppins
85.7%
Louis
78.8%
Henry
78.4%
Bergerac
76.2%
Eve
75.1%
Hannah
74.7%
Cristina
74.1%
Wood
73.5%
Zorba
71.9%
Clayton
71.7%
Chips
66%
% Correct
Tonya
65.6%
Alice
65.5%
Eve
65.1%
Prizzi
64.5%
Rae
63.3%
Alice
63.1%
Pierce
62.6%
Aphrodite
62.1%
Jasmine
61.4%
Jones
60.6%
Ballou
58.3%
Jean
57.1%
Miniver
56.4%
Zola
54.4%
Zapata
54%
York
53.5%
Ziegfeld
53.5%
Gantry
52.7%
Harry
44.5%
Roberts
42.8%
Sheba
39.7%
Howard
37.5%
Bernadette
36.8%
Ryan
36.1%
Foyle
32.6%
Johnny
32.4%
Belinda
28.5%
Madelon
26.2%
Anthony
26.1%
Min
17.5%
Remove Ads.
Support Sporcle.
Get the best of Sporcle when you Go Orange. This ad-free experience offers more features, more stats, and more fun while also helping to support Sporcle. Thank you for becoming a member.

You're not logged in!

Compare scores with friends on all Sporcle quizzes.
OR
Log In

Show Comments

Extras

Top Quizzes Today


Score Distribution

Your Account Isn't Verified!

In order to create a playlist on Sporcle, you need to verify the email address you used during registration. Go to your Sporcle Settings to finish the process.

Report this User

Report this user for behavior that violates our Community Guidelines.

Details: